Over/Under: Television Quiz Stats

Quiz Updated Jan 5, 2012

Challenge
Share
Tweet
Embed
Score 0/24 Timer 03:00
0 Plays Today
Question and Number Actual is Over or Under % Correct
'Brady Bunch' children: 9???
88.2%
'Beverly Hills' zip code: 80420???
84.8%
Simple rules for dating my daughter: 5???
83.1%
Length, in hours, of 'Gilligan's Island' tour: 2???
82.6%
Highest Double Jeopardy Q. value: $1500???
82.3%
# of people surveyed on 'Family Feud': 200???
80%
# of children who are 'Enough':10???
78.7%
Children of Apu Nahasapeemapetilon: 6???
78.1%
TV episodes featuring Frasier Crane: 203???
77.5%
Jump Street address of Johnny Depp: 71???
76.8%
Betty White's age when hosting SNL: 92???
76.7%
Bullets carried by Barney Fife: 6???
70.4%
Question and Number Actual is Over or Under % Correct
'Law & Order' shows: 4???
70.4%
Eponymous Bob Newhart series: 7???
68.3%
Portrayers of The Doctor (TV only): 6???
62.4%
'LOST' Oceanic airways flight number: 1937???
62.2%
Barbara Feldon's 'Get Smart' agent #: 69???
58.7%
Seasons of 'As the World Turns': 38???
58%
Drew Barrymore's age when 1st hosting SNL: 11???
53.1%
#on door of the General Lee: 11???
53.1%
Century of 'Star Trek: TNG': 27th???
52.5%
Series in which Det. John Munch has appeared: 5???
46.6%
US audience for last episode of 'MASH': 157 mil.???
38.1%
Spinoffs of 'All in the Family': 4???
35.9%

You're not logged in!

Compare scores with friends on all Sporcle quizzes.
Sign Up with Email
OR
Log In

You Might Also Like...

Show Comments

Extras

Top Quizzes Today


Score Distribution

Your Account Isn't Verified!

In order to create a playlist on Sporcle, you need to verify the email address you used during registration. Go to your Sporcle Settings to finish the process.